| 000 | 00589nam a2200193 i 4500 | ||
|---|---|---|---|
| 001 | bgj | ||
| 245 | 0 | 0 |
_aWord book : _ba list of words used in the Voice of America's radio broadcasts in Special English. |
| 260 |
_aWashington, D.C. : _bVoice of America, _c1987. |
||
| 300 |
_a173 pp : _bill. ; _c21 cm. |
||
| 490 | 1 | _aSpecial English | |
| 650 | 9 |
_aEnglish language _xVocabulary |
|
| 650 | 9 | _aSpecial English | |
| 710 | p | 0 |
_aVOICE OF AMERICA _bSpecial English |
| 830 | _aSpecial English | ||
| 040 | _cBPK | ||
| 041 | 0 | _aeng | |
| 942 | _cKS | ||
| 008 | s uk f |000 0 eng | ||
| 999 |
_c41422 _d41422 |
||